[Event "21st TCh-CRO 1b 2012"]
[Site "Sibenik CRO"]
[Date "2012.09.28"]
[Round "6.4"]
[White "Horvath, Cs1"]
[Black "Gonda, L."]
[Result "1/2-1/2"]
[WhiteElo "2526"]
[BlackElo "2528"]
[PlyCount "35"]
[EventDate "2012.09.23"]
[SourceDate "1999.07.01"]
[WhiteTeam "POZEGA Pozega"]
[BlackTeam "VARAZDIN Varazdin"]

1. d4 d5 2. c4 c6 3. Nc3 Nf6 4. e3 e6 5. Nf3 Nbd7 6. Bd3 dxc4 7. Bxc4 b5 8. Be2
Bb7 9. O-O Be7 10. e4 b4 11. e5 bxc3 12. exf6 Nxf6 13. bxc3 O-O 14. Rb1 Qc8 15.
Qb3 Ba6 16. Bxa6 Qxa6 17. Ne5 Bd6 18. Qc4 1/2-1/2

[Event "Husek Vienna Open A"]
[Site "Vienna AUT"]
[Date "2012.08.17"]
[Round "5"]
[White "Horvath, Jo1"]
[Black "Ragger, M."]
[Result "0-1"]
[WhiteElo "2536"]
[BlackElo "2670"]
[PlyCount "74"]
[EventDate "2012.08.13"]
[SourceDate "1999.07.01"]

1. d4 d5 2. c4 e6 3. Nf3 Nf6 4. e3 Nbd7 5. Nc3 c6 6. Bd3 dxc4 7. Bxc4 b5 8. Bd3
a6 9. e4 c5 10. e5 cxd4 11. Nxb5 axb5 12. exf6 Qb6 13. fxg7 Bxg7 14. O-O O-O
15. Re1 e5 16. Bf5 Qd6 17. Bd2 Nb6 18. Be4 Rb8 19. a3 f5 20. Bb4 Qf6 21. Bxf8
Kxf8 22. Bd3 e4 23. Bxb5 Nd5 24. a4 Bb7 25. Nd2 Nf4 26. Bf1 Qh6 27. Nc4 Ba6 28.
Ra3 Bxc4 29. Bxc4 d3 30. g3 Nh3+ 31. Kg2 Nxf2 32. Rb3 Rc8 33. Qa1 Qh3+ 34. Kg1
Bd4 35. Qa3+ Rc5 36. Rb8+ Kg7 37. Re3 Ng4 0-1